[Event "HUN-ch"]
[Site "Budapest"]
[Date "1971.??.??"]
[Round "13"]
[White "Bilek, Istvan"]
[Black "Honfi, Karoly"]
[Result "1-0"]
[WhiteElo "2490"]
[BlackElo "2435"]

1.c4 e5 2.g3 Nc6 3.Bg2 g6 4.Nc3 Bg7 5.d3 d6 6.e4 f5 7.Nge2 Nge7 8.O-O O-O
9.Nd5 Be6 10.Be3 Qd7 11.Qd2 Rf7 12.Rac1 Raf8 13.b4 fxe4 14.dxe4 Bg4 15.b5 Nd8
16.Nxe7+ Qxe7 17.c5 Ne6 18.cxd6 cxd6 19.Nc3 Bf3 20.Nd5 Qd7 21.a4 h5 22.Rc4 Nd4
23.Bxd4 exd4 24.Bxf3 Rxf3 25.Rc7 Qg4 26.Rxb7 Qxe4 27.Qa2 Kh8 28.Re7 Qf5 29.Ree1 Be5
30.Ne7 Qf6 31.Nc6 Kh7 32.a5 h4 33.Nxe5 dxe5 34.Qe2 hxg3 35.hxg3 Rf5 36.Rb1 Qd6
37.Qe4 Qa3 38.b6 Qxa5 39.bxa7 R5f7 40.Ra1 Rxf2 41.Rxa5  1-0

[Event "Hoogovens-B"]
[Site "Wijk aan Zee"]
[Date "1971.??.??"]
[Round "?"]
[White "Hartoch, Robert G"]
[Black "Hecht, Hans Joachim"]
[Result "1/2-1/2"]
[WhiteElo "2360"]
[BlackElo "2470"]

1.c4 e5 2.g3 Nf6 3.Nc3 Bb4 4.Bg2 O-O 5.e4 Bxc3 6.bxc3 c6 7.Ne2 d5 8.cxd5 cxd5
9.exd5 Nxd5 10.O-O Nc6 11.a4 Be6 12.Ba3 Re8 13.Nc1 Rc8 14.Re1 Na5 15.Nd3 Nb6
16.Nc5 Bd5 17.Bh3 Rc7 18.d3 Nc8 19.c4 Bc6 20.Bb4 b6 21.Na6 Rb7 22.Bc3 Rbe7
23.Nb4  1/2-1/2

[Event "WchT U26"]
[Site "Graz"]
[Date "1972.??.??"]
[Round "4"]
[White "De Fotis, Gregory"]
[Black "Friedman, Shmuel"]
[Result "1/2-1/2"]
[WhiteElo "2425"]
[BlackElo "2200"]

1.g3 e5 2.c4 g6 3.Nc3 Bg7 4.Bg2 f5 5.d3 Ne7 6.f4 d6 7.Nf3 O-O 8.O-O Nbc6
9.e3 h6 10.Qd2 Be6 11.Re1 d5 12.cxd5 Nxd5 13.fxe5 Nxe5 14.Nxe5 Bxe5 15.Nxd5 Bxd5
16.e4 fxe4 17.dxe4 Bc4 18.Qxh6 Qf6 19.Bf4 Bxb2 20.Rab1 Bd4+ 21.Kh1 b5 22.Be3 Be5
23.Bg5 Qe6 24.Bf4 Bg7 25.Qg5 c6 26.Rbd1 Qf6 27.Qc5 Bxa2 28.e5 Qe6 29.Rd6 Qc4
30.Qe3 Rad8 31.Rxc6 Qd3 32.Qxd3 Rxd3 33.Rxg6 Rf7 34.e6 Re7 35.h4 b4 36.Bg5 Rxg3
37.Rxg7+ Rxg7 38.e7 Bf7 39.Bc6 Rh3+ 40.Kg2 Rxh4 41.Kg3 Rc4 42.e8=Q+ Bxe8
43.Rxe8+ Kf7 44.Re7+ Kg6 45.Be4+ Rxe4 46.Rxe4 b3 47.Rb4 Kxg5 48.Rxb3 Rf7
49.Rf3  1/2-1/2

[Event "Rubinstein mem"]
[Site "Polanica Zdroj"]
[Date "1972.??.??"]
[Round "7"]
[White "Ermenkov, Evgenij"]
[Black "Pytel, Krzysztof"]
[Result "0-1"]
[WhiteElo "2410"]
[BlackElo "2380"]

1.g3 e5 2.c4 Nf6 3.Bg2 c6 4.Nf3 e4 5.Nd4 d5 6.cxd5 Qxd5 7.Nc2 Bc5 8.d4 Bb6
9.Nc3 Qe6 10.O-O O-O 11.f3 exf3 12.Bxf3 Qh3 13.Bg2 Qh5 14.e4 Bg4 15.Qe1 Nbd7
16.Be3 Bh3 17.Qd2 Rad8 18.Bxh3 Qxh3 19.Qe2 Rfe8 20.e5 Ng4 21.Rf4 Nxe3 22.Nxe3 f6
23.Kh1 fxe5 24.Rh4 Qe6 25.Ne4 h6 26.Qh5 Rf8 27.Re1 Bxd4 28.Rg4 Bxe3 29.Rxe3 Qf7
30.Qxf7+ Rxf7 31.Nd6 Nf6 32.Nxf7 Rd1+ 33.Kg2 Nxg4 34.Rf3 Rd2+ 35.Kh3 e4 36.Rf5 Nf2+
37.Kh4 e3 38.Ne5 Rd5 39.Ng6 Rxf5 40.Ne7+ Kf8 41.Nxf5 e2  0-1

[Event "Skopje ol (Men) prel"]
[Site "Skopje"]
[Date "1972.??.??"]
[Round "2"]
[White "Suttles, Duncan"]
[Black "Suer, Nevzat"]
[Result "1-0"]
[WhiteElo "2470"]
[BlackElo "2245"]

1.g3 e5 2.c4 Nf6 3.d3 Bb4+ 4.Bd2 Bxd2+ 5.Qxd2 O-O 6.Nc3 b5 7.Bg2 c6 8.cxb5 d5
9.bxc6 Nxc6 10.Rc1 Nd4 11.e3 Ne6 12.Nf3 d4 13.Nd1 e4 14.Nxd4 Nxd4 15.exd4 Ba6
16.dxe4 Rc8 17.Rxc8 Qxc8 18.e5 Nd7 19.Ne3 Nb6 20.f4 Rd8 21.Kf2 Nc4 22.Qc3 Qe6
23.f5 Qb6 24.Nd5 Qb5 25.Qb3 Qd7 26.Rc1 Qxf5+ 27.Kg1 Qg4 28.Rxc4 Bxc4 29.Qxc4 Kh8
30.Qd3 a5 31.h3 Qd7 32.Kh2 h6 33.b3 Qa7 34.a3 Qb8 35.b4 axb4 36.axb4 Qa7
37.b5 Qa2 38.Nb4 Qb2 39.Nc6 Ra8 40.Qc4 Ra2 41.Qd5 Qf2 42.Ne7 Kh7 43.e6 Ra3
44.Qe4+ g6 45.Qf4 Qxf4 46.gxf4 fxe6 47.b6 Rb3 48.b7 Kg7 49.Be4 g5 50.f5 h5
51.fxe6  1-0

[Event "Skopje ol (Men) fin-B"]
[Site "Skopje"]
[Date "1972.??.??"]
[Round "8"]
[White "De Greiff, Boris"]
[Black "Makropoulos, Georgios"]
[Result "1/2-1/2"]
[WhiteElo "2370"]
[BlackElo "2200"]

1.c4 e5 2.g3 d6 3.Bg2 Nc6 4.Nc3 g6 5.d3 Bg7 6.Nf3 h6 7.Bd2 Be6 8.Rb1 Qd7
9.b4 Nf6 10.b5 Nd8 11.h3 O-O 12.Qc1 Kh7 13.g4 Ng8 14.e4 f5 15.gxf5 gxf5 16.Nh4 f4
17.Nf5 Ne7 18.Nxg7 Kxg7 19.Bf3 Kh7 20.Kd1 Nc8 21.Kc2 a6 22.a4 axb5 23.axb5 Bxh3
24.Kb2 Rf6 25.Ra1 Rxa1 26.Kxa1 Rg6 27.Rh2 Bg4 28.Qd1 Bxf3 29.Qxf3 Ne6 30.Qh3 Qe8
31.f3 Qd8  1/2-1/2

[Event "SWE-ch"]
[Site "?"]
[Date "1972.??.??"]
[Round "6"]
[White "Uddenfeldt, Dan"]
[Black "Eslon, Jaan"]
[Result "1-0"]
[WhiteElo "2270"]
[BlackElo "2200"]

1.c4 e5 2.g3 Nc6 3.Bg2 d6 4.Nc3 g6 5.d3 Bg7 6.e3 Nge7 7.Nge2 O-O 8.O-O Be6
9.Nd5 Qd7 10.Rb1 Rae8 11.b4 a6 12.a4 Nd8 13.Qc2 c6 14.Nb6 Qc7 15.c5 d5 16.e4 dxe4
17.dxe4 f5 18.Nc4 Nf7 19.f3 fxe4 20.fxe4 Nc8 21.Be3 Qe7 22.Nc1 Rd8 23.Nd3 Rd7
24.Rbd1 Rfd8 25.Ndb2 Rxd1 26.Rxd1 Rxd1+ 27.Qxd1 Qc7 28.Qd2 h6 29.Bf1 Kh7
30.Na5 Nd8 31.Bc4 Qe7 32.Kg2 Qc7 33.Nb3 Bxc4 34.Nxc4 Nf7 35.Qd3 Qe7 36.Nbd2 Qe6
37.Nf3 Qe7 38.Qc3 Qe6 39.h3 Qe7 40.Nb2 Qc7 41.Qc4 Qd7 42.Nd3 Qe7 43.Bd2 Qd7
44.Bc3 b5 45.cxb6 Nxb6 46.Nc5 Nxc4 47.Nxd7 Nfd6 48.Nc5 Kg8 49.Kf2 Kf7 50.Ke2 a5
51.bxa5 Nc8 52.Kd3 N4d6 53.Nxe5+  1-0

[Event "Teeside"]
[Site "Teeside"]
[Date "1972.??.??"]
[Round "14"]
[White "Bilek, Istvan"]
[Black "Gheorghiu, Florin"]
[Result "1/2-1/2"]
[WhiteElo "2485"]
[BlackElo "2530"]

1.c4 e5 2.g3 Nf6 3.Bg2 c6 4.Nf3 e4 5.Nd4 d5 6.cxd5 Qxd5 7.e3 Qe5 8.Nc3 Bc5
9.Nde2 O-O 10.O-O Bf5 11.f3 exf3 12.Rxf3 Bb4 13.d4 Qa5 14.Bd2 Nbd7 15.e4 Bg4
16.Rf2 Bxc3 17.Bxc3 Qg5 18.Qd3 Rad8 19.Bd2 Bxe2 20.Qxe2 Qg4 21.Bf3 Qe6 22.e5 Nd5
23.Raf1 f6 24.exf6  1/2-1/2

[Event "CAN-ch"]
[Site "Toronto"]
[Date "1972.??.??"]
[Round "13"]
[White "Allan, Denis"]
[Black "Markov, B."]
[Result "1-0"]
[WhiteElo "2355"]
[BlackElo "2200"]

1.g3 e5 2.c4 f5 3.d4 d6 4.dxe5 dxe5 5.Qxd8+ Kxd8 6.Nc3 Be6 7.Nf3 Nd7 8.e4 Nh6
9.Bxh6 gxh6 10.O-O-O Bd6 11.Bh3 Bxc4 12.Bxf5 Re8 13.Bxh7 Ke7 14.Nh4 Be6 15.Bf5 Nf6
16.Bxe6 Kxe6 17.Nf5 Rh8 18.f3 Bc5 19.Nd5 Ne8 20.Rd3 c6 21.Nc3 Rh7 22.Rhd1 h5
23.Na4 Bf8 24.Rd8 Rxd8 25.Rxd8 Kf7 26.Nc3 Bc5 27.h4 Nf6 28.Kd1 Kg6 29.Ke2 Rd7
30.Rxd7 Nxd7 31.Nd1 Nf8 32.Nf2 Nd7 33.Nd3 Bf8 34.g4 c5 35.b3 b5 36.Ng3 c4
37.bxc4 bxc4 38.Nb2 c3 39.Na4 c2 40.Kd2 Bb4+ 41.Kxc2 Be1 42.Nxh5 Bxh4 43.Kd3 Nb8
44.Nc5 Nc6 45.Nd7 Kf7 46.a3 Be7 47.Kc4 Bxa3 48.Kd5 Ne7+ 49.Kxe5 Bb2+ 50.Kd6 Ba3+
51.Kc7 Ng6 52.f4 Ke7 53.Kc6 a5 54.Nb6 Bc1 55.Kb5 Kf7 56.Nd5 Bd2 57.g5 Nf8
58.f5 Bxg5 59.Kxa5 Bd2+ 60.Kb5 Nd7 61.Nb6 Ne5 62.Nc4 Nf3 63.Kc6 Bc3 64.Kd6 Nh4
65.Ne5+ Kf8 66.Ng6+ Nxg6 67.fxg6  1-0

[Event "Buenos Aires CA"]
[Site "Buenos Aires"]
[Date "1973.??.??"]
[Round "5"]
[White "Cuartas, Carlos"]
[Black "Garcia, Raimundo"]
[Result "1/2-1/2"]
[WhiteElo "2350"]
[BlackElo "2455"]

1.c4 e5 2.g3 Nc6 3.Bg2 g6 4.Nc3 Bg7 5.Rb1 a5 6.d3 d6 7.a3 f5 8.Bd2 Nf6 9.b4 axb4
10.axb4 O-O 11.b5 Nd4 12.Nf3 Ne6 13.Ng5 Nc5 14.O-O h6 15.Nf3 Nh5 16.Qc2 g5
17.Ra1 Rb8 18.Ra3 f4 19.Nd5 Bf5 20.Ba5 b6 21.Bc3 Nf6 22.Nd2 Nxd5 23.Bxd5+ Kh8
24.Ne4 Nxe4 25.Bxe4 Bxe4 26.dxe4 g4 27.Bd2 Qf6 28.f3 Qg6 29.Kg2 Rf7 30.Qd3 Rbf8
31.fxg4 fxg3 32.Rf5 Qxg4 33.h3 Qg6 34.Qxg3 Qxg3+ 35.Kxg3 Rxf5 36.exf5 Rxf5
37.Rf3 Rf8 38.Rxf8+ Bxf8 39.Kg4 Kg7 40.Kf5 Kf7 41.e4 Bg7 42.h4 Bf8 43.h5 Bg7
44.Be1 Bf6 45.Bf2 Bg5 46.Be1 Ke7 47.Kg6 Ke6 48.Bg3 Ke7 49.Bf2 Ke6 50.Kg7 Ke7
51.Kg8 Ke8 52.Kg7 Kd7 53.Kf7  1/2-1/2

[Event "USA-ch"]
[Site "El Paso"]
[Date "1973.??.??"]
[Round "1"]
[White "Byrne, Donald"]
[Black "Bisguier, Arthur Bernard"]
[Result "1/2-1/2"]
[WhiteElo "2475"]
[BlackElo "2420"]

1.g3 e5 2.c4 Nf6 3.Nc3 Bb4 4.Bg2 O-O 5.Qc2 Nc6 6.Nf3 Re8 7.O-O e4 8.Ng5 Nd4
9.Qd1 Bxc3 10.bxc3 Nc6 11.f3 exf3 12.Nxf3 Qe7 13.e3 d6 14.Nd4 Ne5 15.d3 c6
16.e4 h6 17.h3 d5 18.exd5 cxd5 19.cxd5 Qc5 20.Rb1 Bd7 21.Qb3 Nxd3 22.Ba3 Qc8  1/2-1/2

[Event "HUN-ch"]
[Site "?"]
[Date "1973.??.??"]
[Round "?"]
[White "Bilek, Istvan"]
[Black "Nagy, E."]
[Result "1-0"]
[WhiteElo "2500"]
[BlackElo "2455"]

1.g3 e5 2.c4 Nf6 3.d3 d5 4.Bg2 Bb4+ 5.Nd2 c6 6.cxd5 cxd5 7.a3 Bd6 8.e4 dxe4
9.dxe4 Be6 10.Ne2 Nc6 11.O-O O-O 12.b4 Qb6 13.Nc3 Nd4 14.Nd5 Bxd5 15.exd5 Rac8
16.Bb2 a5 17.Bxd4 Qxd4 18.bxa5 Rc3 19.Nf3 Qc5 20.Nh4 Ra8 21.Rb1 Qc8 22.Rb6 Bc5
23.Rxf6 gxf6 24.Qh5 Bf8 25.Be4 h6 26.Nf5 Rc1 27.Qg4+ Kh8 28.d6 Rxf1+ 29.Kxf1 Rxa5
30.Qh4 Qc1+ 31.Kg2 Qg5 32.Qh3 Rxa3 33.d7 Ra8 34.Bxb7 Rd8 35.Be4 Kg8 36.Nh4 Bc5
37.Nf3 Qc1 38.Qf5 Qb2 39.Nh4 Qd4 40.Qh7+ Kf8 41.Qxh6+  1-0

[Event "HUN-ch"]
[Site "?"]
[Date "1973.??.??"]
[Round "?"]
[White "Dely, Peter"]
[Black "Hazai, Laszlo"]
[Result "1/2-1/2"]
[WhiteElo "2480"]
[BlackElo "2200"]

1.g3 e5 2.c4 Nc6 3.Bg2 g6 4.Nc3 Bg7 5.Rb1 d6 6.b4 h5 7.h4 Nh6 8.d3 Nd4 9.Nh3 O-O
10.b5 a6 11.a4 a5 12.Ng5 Rb8 13.e3  1/2-1/2

[Event "IBM-B"]
[Site "Amsterdam"]
[Date "1974.??.??"]
[Round "9"]
[White "Hartoch, Robert G"]
[Black "Vogel, Jaap"]
[Result "1/2-1/2"]
[WhiteElo "2370"]
[BlackElo "2350"]

1.g3 e5 2.c4 Nf6 3.Nc3 c6 4.Nf3 e4 5.Nd4 d5 6.cxd5 Qb6 7.Nb3 cxd5 8.Bg2 Bf5
9.d3 Bb4 10.O-O Bxc3 11.bxc3 O-O 12.Be3 Qc7 13.Bd4 Nbd7 14.Qd2 h6 15.Rac1 b5
16.f3 exd3 17.exd3 Rfe8 18.Rfe1 Rac8 19.f4 a5 20.Rxe8+ Rxe8  1/2-1/2

[Event "FRG-ch"]
[Site "Menden"]
[Date "1974.??.??"]
[Round "?"]
[White "Held, Paul"]
[Black "Lieb, Harald"]
[Result "1/2-1/2"]
[WhiteElo "2200"]
[BlackElo "2200"]

1.c4 e5 2.g3 Nf6 3.Bg2 d5 4.cxd5 Nxd5 5.Nc3 Be6 6.Nf3 Nc6 7.O-O Nb6 8.d3 f6
9.a3 Qd7 10.Be3 Nd4 11.Bxd4 exd4 12.Ne4 c5 13.Rc1 Rc8 14.e3 dxe3 15.fxe3 Be7
16.Ne5 fxe5 17.Qh5+ Kd8 18.Qxe5 Rg8 19.Nxc5 Bxc5 20.Rxc5 Rxc5 21.Qxc5 Nc8
22.d4 b6 23.Qc2 g6 24.Qc3 Qc7 25.Qd2 Qd6 26.e4 Rf8 27.Rd1 Qd7 28.d5 Bg4 29.Re1 Qe7
30.e5 Qc5+ 31.Kh1 Ke8 32.Rc1 Rf2 33.Qg5 Rc2 34.Rf1 Bh3 35.Bxh3 Qxd5+ 36.Kg1 Qd4+
37.Kh1 Qe4+ 38.Kg1 Qd4+ 39.Kh1 Qe4+ 40.Kg1  1/2-1/2

[Event "FRG-ch"]
[Site "Menden"]
[Date "1974.??.??"]
[Round "?"]
[White "Wockenfuss, Klaus"]
[Black "Hermann, Manfred"]
[Result "0-1"]
[WhiteElo "2200"]
[BlackElo "2200"]

1.c4 e5 2.g3 g6 3.d4 Nc6 4.dxe5 Nxe5 5.Bg2 Bg7 6.Qb3 Ne7 7.Bd2 O-O 8.Bc3 f6
9.Nh3 d6 10.Nf4 c6 11.h4 Qe8 12.Nd2 Qf7 13.O-O g5 14.hxg5 fxg5 15.Bxe5 Bxe5
16.Nd3 Bg7 17.Ne4 Qg6 18.c5+ d5 19.Nd6 Nf5 20.Be4 Kh8 21.Bxf5 Bxf5 22.Nxf5 Qxf5
23.Qxb7 Rae8 24.Rae1 Rf6 25.Kg2 Rxe2 26.Rxe2 Qf3+ 27.Kg1 Qxe2 28.Qa6 Rf8
29.Re1 Qf3 30.Re3 Qf5 31.Qxc6 Bd4 32.Qe6 Bxe3 33.Qxe3 Qe4 34.Qxe4 dxe4 35.Ne5 a5
36.b3 Kg7 37.Nc4 Rc8 38.Nxa5 Rxc5 39.Nc4 Rd5 40.Kf1 h5 41.Ke2 Kg6 42.Ne3 Rd8
43.Nc4 h4 44.Kf1 h3 45.Kg1 g4 46.b4 Rd1+ 47.Kh2 Rf1 48.a4 Rxf2+ 49.Kh1 Ra2
50.a5 Ra4 51.Ne3 Kg5 52.Nc2 e3 53.Nxe3 Rxb4 54.a6 Ra4  0-1

[Event "FRG-ch"]
[Site "Menden"]
[Date "1974.??.??"]
[Round "?"]
[White "Held, Paul"]
[Black "Freise, Helmut"]
[Result "1/2-1/2"]
[WhiteElo "2200"]
[BlackElo "2200"]

1.c4 e5 2.g3 Nf6 3.Bg2 c6 4.Nf3 e4 5.Nd4 d5 6.Nc3 Bc5 7.Nc2 Bf5 8.cxd5 cxd5
9.d4 exd3 10.exd3 Qe7+ 11.Ne2 O-O 12.Be3 Re8 13.O-O Nc6 14.Ned4 Bg4 15.Nxc6 bxc6
16.Qd2 Bb6 17.Rfe1 Qd7 18.Bd4 Bxd4 19.Nxd4 c5 20.Nb3 Qb5 21.Qc3 Rec8 22.Rac1 Rab8
23.Nxc5 Qxb2 24.d4 h6 25.h3 Bf5 26.Qxb2 Rxb2 27.a3 Ra2 28.Ra1 Rd2 29.Rad1 Ra2
30.Ra1 Rxa1 31.Rxa1 Re8 32.Kf1 Ne4 33.Bxe4 Bxe4 34.Nxe4 Rxe4 35.Rd1 g6 36.Rd3 Kg7
37.Kg2 Kf6 38.Kf1 g5 39.f3 Re7 40.Rc3  1/2-1/2

[Event "URS Cup"]
[Site "Tbilisi"]
[Date "1974.??.??"]
[Round "?"]
[White "Panchenko, Alexander N"]
[Black "Tseitlin, Mark D"]
[Result "1-0"]
[WhiteElo "2435"]
[BlackElo "2200"]

1.c4 e5 2.g3 Nf6 3.Bg2 Nc6 4.Nc3 Bb4 5.e3 Bxc3 6.bxc3 O-O 7.e4 d6 8.Ne2 Be6
9.d3 Qd7 10.O-O Bh3 11.f4 Bxg2 12.Kxg2 exf4 13.gxf4 Qg4+ 14.Ng3 Qxd1 15.Rxd1 a6
16.a4 Na5 17.Ba3 Rfe8 18.Kf3 Nd7 19.Nf5 g6 20.Ne3 Rac8 21.Rab1 f6 22.h4 Kf7
23.Rd2 Nb6 24.Bb4 Nc6 25.Bxd6 Nxa4 26.Rxb7 Nxc3 27.Nd5 Nd4+ 28.Kf2 Nxd5 29.exd5 Nf5
30.Rxc7+ Rxc7 31.Bxc7 Ke7 32.Rb2 Kd7 33.Ba5 Kd6 34.Rb6+ Kc5 35.Rc6+ Kd4 36.d6 Re6
37.d7 Rxc6 38.d8=Q+ Rd6 39.Qe8 Kxd3 40.c5 Rd5 41.c6 Nd6 42.Qe2+ Kd4 43.c7  1-0

[Event "Vejle op"]
[Site "Vejle"]
[Date "1974.??.??"]
[Round "8"]
[White "Norby, Peter H"]
[Black "Nielsen, G."]
[Result "1-0"]
[WhiteElo "2310"]
[BlackElo "2200"]

1.c4 e5 2.g3 g6 3.Bg2 Bg7 4.Nc3 d6 5.d3 c6 6.Nf3 f5 7.O-O Nf6 8.c5 e4 9.dxe4 fxe4
10.Ng5 d5 11.f3 exf3 12.exf3 O-O 13.Re1 Na6 14.Na4 Re8 15.Bf4 Bd7 16.Qd2 b5
17.cxb6 axb6 18.Rxe8+ Nxe8 19.Re1 b5 20.Nc3 Qc8 21.Nxd5  1-0

[Event "Club Argentino"]
[Site "Buenos Aires"]
[Date "1975.??.??"]
[Round "1"]
[White "Letelier, Rene"]
[Black "Rubinetti, Jorge A"]
[Result "1-0"]
[WhiteElo "2350"]
[BlackElo "2440"]

1.g3 e5 2.c4 Nc6 3.Bg2 g6 4.Nc3 Bg7 5.Nf3 d6 6.O-O f5 7.d3 Nf6 8.Rb1 O-O
9.b4 a6 10.b5 axb5 11.cxb5 Na5 12.Bd2 h6 13.Rb4 g5 14.Qc1 f4 15.Ra4 Bd7 16.Qa3 b6
17.Rc1 Kh8 18.Qb2 Rb8 19.Ne4 Nxe4 20.dxe4 Nb7 21.Rac4 Nc5 22.a4 Be6 23.Rb4 Ra8
24.Qc2 Qf6 25.Be1 Qf7 26.Ra1 Ra7 27.Nd2 Rfa8 28.Ra3 h5 29.Nc4 Bf6 30.Bd2 h4
31.Bc1 Bg7 32.Bd2 Rf8 33.Be1 Rfa8 34.Bd2 Rf8 35.Be1 h3 36.Bf1 Qg6 37.a5 bxa5
38.b6 axb4 39.Rxa7 b3 40.Qc3 Nxe4 41.Qxb3 cxb6 42.Qb4 fxg3 43.hxg3  1-0

[Event "ARG-ch"]
[Site "Buenos Aires"]
[Date "1975.??.??"]
[Round "4"]
[White "Giardelli, Sergio C"]
[Black "Cuasnicu, Oscar"]
[Result "1/2-1/2"]
[WhiteElo "2300"]
[BlackElo "2410"]

1.c4 e5 2.g3 Nf6 3.Bg2 c6 4.d4 exd4 5.Qxd4 d5 6.Nf3 Be7 7.O-O O-O 8.cxd5 Nxd5
9.Qa4 Na6 10.Bd2 Be6 11.Nc3 Nb6 12.Qc2 Nb4 13.Qc1 Qc8 14.Ng5 Bf5 15.Nge4 Bh3
16.Bg5 f6 17.Be3 Bxg2 18.Kxg2 Re8 19.Rd1 Qe6 20.Nc5 Bxc5 21.Bxc5 N4d5 22.Bxb6 Nxc3
23.Qxc3 axb6 24.e3 Ra5 25.Rd2 Rh5 26.Kg1 Qh3 27.f3 Qe6 28.e4 Ra5  1/2-1/2

[Event "SVK-ch"]
[Site "Hlohovec"]
[Date "1975.??.??"]
[Round "11"]
[White "Petran, Peter"]
[Black "Privara, Igor"]
[Result "0-1"]
[WhiteElo "2200"]
[BlackElo "2240"]

1.c4 e5 2.g3 Nf6 3.Bg2 c6 4.d3 d5 5.Nd2 Bc5 6.Rb1 a5 7.e3 Bf5 8.e4 dxe4 9.dxe4 Bg4
10.Ngf3 Qd3 11.Qe2 Qxe2+ 12.Kxe2 Nbd7 13.b3 Bb4 14.h3 Bh5 15.g4 Bg6 16.Nh4 Bxd2
17.Bxd2 Bxe4 18.Bxe4 Nxe4 19.Be1 g6 20.Rd1 Nec5 21.f4 exf4 22.Bc3 O-O 23.Kf3 Rfe8
24.Rhe1 Rxe1 25.Bxe1 f6 26.Bf2 Kf7 27.Kg2 Re8 28.a3 Re7 29.b4 axb4 30.Bxc5 Nxc5
31.axb4 Rd7 32.Rb1 Rd2+ 33.Kf1 Nd3 34.b5 Rf2+ 35.Kg1 Rb2 36.Rd1 Ne5 37.bxc6 bxc6
38.Rf1 Rc2 39.Ng2 g5 40.Ra1 Rxc4 41.Ra7+ Kg6  0-1

[Event "Lone Pine"]
[Site "Lone Pine"]
[Date "1975.??.??"]
[Round "1"]
[White "Bilek, Istvan"]
[Black "Denker, Arnold S"]
[Result "1/2-1/2"]
[WhiteElo "2495"]
[BlackElo "2310"]

1.c4 e5 2.g3 Nf6 3.Bg2 d5 4.cxd5 Nxd5 5.Nc3 Nb6 6.d3 Be7 7.Nh3 Nc6 8.f4 h5
9.Nf2 h4 10.g4 exf4 11.Bxf4 Be6 12.h3 Nd5 13.Bd2 Bc5 14.O-O Qd7 15.Kh1 Ne3
16.Bxe3 Bxe3 17.Nfe4 Ne5 18.Qe1 f5 19.gxf5 Bxf5 20.Rxf5 Qxf5 21.Nd5 Bb6 22.Qc3 Nc6  1/2-1/2

[Event "FRG-ch International"]
[Site "Mannheim"]
[Date "1975.??.??"]
[Round "7"]
[White "Mednis, Edmar John"]
[Black "Reichenbach, Werner"]
[Result "1/2-1/2"]
[WhiteElo "2455"]
[BlackElo "2200"]

1.c4 e5 2.g3 Nf6 3.Bg2 c6 4.Nf3 e4 5.Nd4 d5 6.cxd5 Qb6 7.Nc2 cxd5 8.d3 Bc5
9.O-O O-O 10.Nc3 Qc6 11.dxe4 dxe4 12.Be3 Re8 13.Rc1 Nbd7 14.Bxc5 Nxc5 15.Ne3 a5
16.Ncd5 b6 17.Qd4 Nxd5 18.Qxd5 Qxd5 19.Nxd5 Rb8 20.Rcd1 Be6 21.Nc7 Re7 22.Nxe6 Rxe6
23.a3 a4 24.Bh3 Re5 25.Rd6 f5 26.Rfd1 Kf7 27.Rc6 g6 28.Bf1 Re6 29.Rxe6 Kxe6
30.e3 Ke7 31.Bc4 b5 32.Rd5 bxc4 33.Rxc5 Rxb2 34.Rxc4 Ra2 35.Rxa4 Kf6 36.Ra7 Kg5
37.Kg2 h6 38.a4 Kh5 39.Ra6 Ra1 40.h3 Kg5 41.a5 Ra2 42.Ra8 Kh5 43.Ra7 Kg5
44.Ra6 Ra1 45.g4 fxg4 46.hxg4 Ra4 47.Kh3 Ra2 48.Kg2 Ra4 49.Re6 Rxa5 50.Rxe4 h5
51.gxh5 Kxh5 52.Kg3 Rg5+ 53.Kf3 Rf5+ 54.Rf4 Re5 55.Rf8 Kh6 56.Rf7 Re8 57.Kf4 Ra8
58.e4 Ra5 59.Rd7 Ra2 60.Kg3 Re2 61.Kf3 Re1 62.Rd3 Kg7 63.Kf4 Rf1 64.f3 Kf6
65.Rd6+ Kf7 66.Ra6 Rf2 67.Ra7+ Ke6 68.Ra6+ Kf7 69.Ke3 Rf1 70.f4 Kg7 71.Ra7+ Kf6
72.Ra6+ Kf7 73.Rb6 Rd1 74.Rb7+ Ke6 75.Rb6+ Kf7 76.Kf3 Rf1+ 77.Kg3 Re1 78.Rb4 Rg1+
79.Kf2 Rd1 80.Ke2 Rg1 81.Ke3 Rg4 82.Rb6 Ke7 83.Rb5 Kf6 84.Rd5 Rg1 85.Rd6+ Ke7
86.Ra6 Rg4 87.Kd4 Rxf4 88.Kd5 g5 89.Rg6 g4 90.Ke5 Kf7 91.Rg5 Rf1 92.Rxg4 Ra1
93.Rh4 Ra5+ 94.Kf4 Ke6  1/2-1/2

[Event "URS-chT"]
[Site "Riga"]
[Date "1975.??.??"]
[Round "?"]
[White "Kholmov, Ratmir D"]
[Black "Valiev, Neron"]
[Result "1-0"]
[WhiteElo "2540"]
[BlackElo "2200"]

1.g3 e5 2.c4 Nf6 3.Bg2 d6 4.Nc3 g6 5.Nf3 Bg7 6.d4 Nbd7 7.O-O O-O 8.b3 Re8
9.e3 c6 10.Qc2 a6 11.a4 e4 12.Nd2 d5 13.b4 Nf8 14.b5 h5 15.bxc6 bxc6 16.cxd5 cxd5
17.f3 exf3 18.Nxf3 Bf5 19.Qa2 Rc8 20.Bd2 Ne4 21.Nxe4 Bxe4 22.Rac1 Rxc1 23.Rxc1 Qd7
24.Qb3 Ne6 25.Kf2 Rc8 26.Rxc8+ Qxc8 27.h4 Qc7 28.Ne1 g5 29.Bxe4 dxe4 30.Qd5 gxh4
31.gxh4 Qh2+ 32.Ng2 Bf8 33.Qxe4 Bd6 34.Qf3 Ng7 35.Be1 Be7 36.Qa8+ Bf8 37.Bb4 Ne6
38.Bxf8 Nxf8 39.Qxa6  1-0

[Event "DDR-ch 25th"]
[Site "Groeditz"]
[Date "1976.??.??"]
[Round "8"]
[White "Hesse, Peter"]
[Black "Uhlmann, Wolfgang"]
[Result "1/2-1/2"]
[WhiteElo "2385"]
[BlackElo "2560"]

1.c4 e5 2.g3 d6 3.Bg2 f5 4.Nc3 Nf6 5.d3 g6 6.Nh3 Bg7 7.f4 O-O 8.O-O c6 9.Nf2 Be6
10.Bd2 Nbd7 11.e3 e4 12.dxe4 Bxc4 13.Re1 fxe4 14.Ncxe4 Nxe4 15.Nxe4 d5 16.Ng5 Re8
17.b3 Ba6 18.Rc1 Ne5 19.fxe5 Qxg5 20.e4 Qxe5 21.exd5 Qd4+ 22.Kh1 cxd5 23.Rc7 Kh8
24.Rd7 Red8 25.Ree7 Rxd7 26.Rxd7 Re8 27.Rxd5 Qf2 28.Qg1 Qe2 29.h3 Bb5 30.Bf4 h6
31.Rd2 Qe7 32.h4  1/2-1/2

[Event "DDR-ch (Women)"]
[Site "Groeditz"]
[Date "1976.??.??"]
[Round "13"]
[White "Seidemann, Ulrike"]
[Black "Worch, Marion"]
[Result "1/2-1/2"]
[WhiteElo "2005"]
[BlackElo "2075"]

1.c4 e5 2.g3 Nc6 3.Bg2 Bc5 4.Nc3 f5 5.e3 Nf6 6.Nge2 d6 7.O-O O-O 8.d4 Bb6
9.b4 exd4 10.exd4 a5 11.c5 axb4 12.cxb6 bxc3 13.bxc7 Qxc7 14.Nxc3 Kh8 15.Bf4 Qa5
16.d5 Ne5 17.Qd4 Nf7 18.a4 Bd7 19.Rfb1 Rfc8 20.Nb5 Ne8 21.h4 Rc2 22.Bf1 Rac8
23.Bd3 R2c5 24.Be2 Nf6 25.Bd2 Qd8 26.Nc3 Qc7 27.Bb5 Ne5 28.Kg2  1/2-1/2

[Event "DSV-Turnier"]
[Site "Halle"]
[Date "1976.??.??"]
[Round "?"]
[White "Spiridonov, Nikola"]
[Black "Vaisman, Volodia"]
[Result "0-1"]
[WhiteElo "2490"]
[BlackElo "2485"]

1.c4 e5 2.g3 Nc6 3.Bg2 d6 4.Nc3 Be6 5.d3 Qd7 6.Qa4 Nd4 7.Qxd7+ Bxd7 8.Rb1 Bc6
9.Nd5 O-O-O 10.b4 Ne7 11.e3 Ne6 12.Ne2 Bd7 13.f4 c6 14.Ndc3 f5 15.O-O g6
16.Ba3 Bg7 17.b5 c5 18.Nd5 Rhe8 19.b6 a6 20.Nc7 Rh8 21.fxe5 Bxe5 22.Nf4 Bxf4
23.gxf4 Nc6 24.Bb2 Rhf8 25.Nd5 Rf7 26.h4 Rdf8 27.Bc3 Ne7 28.d4 Kb8 29.Nxe7 Rxe7
30.d5 Ng7 31.Kf2 Nh5 32.Bf3 Ba4 33.Rb2 Rfe8 34.Re2 Re4 35.Bxe4 Rxe4 36.Rc1 Rxc4
37.Bb2 Re4 38.Rd2 Bb5 39.Rdc2 Kc8 40.Bh8 Kd7 41.a3 Re8 42.Ba1 Bd3 43.Rd2 Be4
44.a4 Ke7 45.a5 Rc8 46.Rc4 Nf6 47.Bxf6+ Kxf6 48.Rdd4 Re8 49.Rd1 h6 50.Kg3 Rg8
51.Kf2 g5 52.Rg1 g4 53.Rc3 Ke7 54.Kg3 Bxd5 55.Rd1 Bf3 56.Rd2 Rc8 57.Rdc2 Kd7
58.Rc1 Kc6 59.Kf2 Re8 60.Rc4 Bd5 61.Rd4 g3+ 62.Kxg3 Rxe3+ 63.Kh2 Re2+ 64.Kh3 Bg2+
65.Kg3 Be4 66.Rdd1 Rg2+ 67.Kh3 Rf2 68.Rg1 Rf3+ 69.Rg3 Rxg3+ 70.Kxg3 d5 71.h5 d4
72.Kf2 Kb5 73.Rg1 c4  0-1

[Event "Lone Pine"]
[Site "Lone Pine"]
[Date "1976.??.??"]
[Round "1"]
[White "Rogoff, Kenneth"]
[Black "Blumenfeld, Rudy"]
[Result "1-0"]
[WhiteElo "2480"]
[BlackElo "2200"]

1.c4 e5 2.g3 Nf6 3.Bg2 Nc6 4.Nc3 Bb4 5.Nd5 Bc5 6.e3 O-O 7.Ne2 Re8 8.O-O Bf8
9.d3 Nxd5 10.cxd5 Ne7 11.f4 exf4 12.Nxf4 Nf5 13.Qf3 Qe7 14.Kh1 d6 15.Bd2 Bd7
16.e4 Nh6 17.Rae1 f6 18.d4 Nf7 19.Qb3 Rab8 20.Qa3 a6 21.b4 c5 22.bxc5 dxc5
23.e5 Bb5 24.d6 Qd8 25.Bd5 Bxf1 26.Rxf1 fxe5 27.Bxf7+ Kh8 28.Ng6+ hxg6 29.g4 Qh4
30.Rf3 g5 31.Rh3 g6 32.Rxh4+ gxh4 33.Bxe8 Rxe8 34.dxe5  1-0

[Event "Lone Pine"]
[Site "Lone Pine"]
[Date "1976.??.??"]
[Round "4"]
[White "Grefe, John A"]
[Black "Dake, Arthur William"]
[Result "1-0"]
[WhiteElo "2420"]
[BlackElo "2360"]

1.c4 e5 2.g3 Nf6 3.Nc3 Nc6 4.Bg2 Be7 5.e3 O-O 6.Nge2 Re8 7.O-O Bf8 8.d3 Ne7
9.e4 c6 10.Bg5 Ng6 11.h3 Bc5 12.d4 exd4 13.Nxd4 d6 14.Rc1 h6 15.Be3 Bb4 16.Nde2 Be6
17.b3 Qa5 18.f4 Bc5 19.Nd4 Bd7 20.Bf2 Rad8 21.Qd3 Bc8 22.Rc2 Qc7 23.Rd1 a5
24.Re2 Re7 25.Kh2 Rde8 26.Nc2 Bxf2 27.Rxf2 Rd7 28.Rfd2 Nf8 29.a3 b6 30.Nd4 Red8
31.Nxc6 Qxc6 32.e5 dxe5 33.Bxc6 Rxd3 34.Rxd3 Rxd3 35.Rxd3 exf4 36.gxf4 Bd7
37.Bxd7 N8xd7 38.Na4 Kf8 39.Rd6 Ke7 40.Rc6 b5 41.cxb5 Nd5 42.b6  1-0

[Event "Majdanpek"]
[Site "Majdanpek"]
[Date "1976.??.??"]
[Round "1"]
[White "Padevsky, Nikola"]
[Black "Stevic, Zarko"]
[Result "1-0"]
[WhiteElo "2475"]
[BlackElo "2200"]

1.c4 e5 2.g3 Nf6 3.Bg2 d5 4.cxd5 Nxd5 5.Nc3 Nxc3 6.bxc3 Nc6 7.d3 Bc5 8.Qc2 O-O
9.Nf3 Bg4 10.h3 Bh5 11.O-O Rb8 12.Rb1 Re8 13.Ng5 Bg6 14.Rxb7 Rxb7 15.Bxc6 Rb8
16.Bxe8 Qxe8 17.Ne4 Bb6 18.Kh2 f5 19.Nd2 Bf7 20.c4 Bc5 21.Bb2 Qe6 22.Ba1 h5
23.Nf3 e4 24.Ng5 Qg6 25.h4 exd3 26.exd3 f4 27.Be5 Bd6 28.Bxd6 Qxd6 29.Nh3 fxg3+
30.fxg3 Qd4 31.Rf2 Rd8 32.Nf4 Rd6 33.Qb2 Qe3 34.Re2 Qf3 35.Qe5 Rf6 36.Rb2 Bg6
37.Qxc7 Bf5 38.Qb8+ Kh7 39.Qxa7 Bxd3 40.Rf2 Qg4 41.Nxd3  1-0